| 000 | 00726nam a2200205 a 4500 | ||
|---|---|---|---|
| 001 | 000729526 | ||
| 003 | AM-YeHGA | ||
| 005 | 20250617143118.0 | ||
| 008 | 100419s1975 ||||||||||||||||||||rus d | ||
| 040 | _aAM-YeHGA | ||
| 041 | 0 | _arus | |
| 100 | 1 | _aШретер, Алексей Иванович | |
| 245 | 1 | 0 |
_aЛекарственная флора советского Дальнего Востока / _cА.И. Шретер . |
| 260 |
_aМосква : _bМедицина, _c1975. |
||
| 300 | _a328 с. | ||
| 650 | 1 | 4 | _aФармакология |
| 650 | 1 | 4 |
_aЛекарственные растения _zФлора СССР- дальный восток |
| 650 | 1 | 4 | _aНародная медицина |
| 090 | _c271375 | ||
| 999 |
_c269738 _d269738 |
||